Catálogo
 En Linea

Entre el cielo y tierra te voy buscando / (Registro nro. 50786)

Detalles MARC
000 -CABECERA
campo de control de longitud fija 00715nam a2200217 a 4500
003 - IDENTIFICADOR DEL NÚMERO DE CONTROL
campo de control DO-SdBNP
005 - FECHA Y HORA DE LA ÚLTIMA TRANSACCIÓN
campo de control 20240226131512.0
007 - CAMPO FIJO DE DESCRIPCIÓN FÍSICA--INFORMACIÓN GENERAL
campo de control de longitud fija ta
008 - DATOS DE LONGITUD FIJA--INFORMACIÓN GENERAL
campo de control de longitud fija 211020e2019 dr ||||gr|||| 001 p spa d
020 ## - NÚMERO INTERNACIONAL ESTÁNDAR DEL LIBRO
Número Internacional Estándar del Libro 9789945614244
040 ## - FUENTE DE LA CATALOGACIÓN
Centro catalogador/agencia de origen DO-SdBNP
Lengua de catalogación spa
Centro/agencia transcriptor BNPHU
082 #4 - NÚMERO DE LA CLASIFICACIÓN DECIMAL DEWEY
Número de edición 22
Número de documento/Ítem P438e
100 1# - ENTRADA PRINCIPAL--NOMBRE DE PERSONA
Nombre de persona Pérez, Estela,
Fechas asociadas al nombre 1966-
9 (RLIN) 78168
245 ## - MENCIÓN DE TÍTULO
Título Entre el cielo y tierra te voy buscando /
Mención de responsabilidad, etc. Estela Pérez; prólogo, Ángela Hernández de Torres.
260 ## - PUBLICACIÓN, DISTRIBUCIÓN, ETC.
Lugar de publicación, distribución, etc. Santo Domingo :
Nombre del editor, distribuidor, etc. Santuario,
Fecha de publicación, distribución, etc. 2019
300 ## - DESCRIPCIÓN FÍSICA
Extensión [40 p.] ;
Dimensiones 22 cm.
500 ## - NOTA GENERAL
Nota general Incluye biografía de la autora en la solapa de la portada.
590 ## - NOTA LOCAL (RLIN)
Nota local Inventariado 2021 / MF
700 1# - PUNTO DE ACCESO ADICIONAL--NOMBRE DE PERSONA
9 (RLIN) 78169
Nombre de persona Hernández de Torres, Ángela,
Término indicativo de función/relación prólogo
942 ## - ELEMENTOS DE PUNTO DE ACCESO ADICIONAL (KOHA)
Fuente del sistema de clasificación o colocación Dewey Decimal Classification
Tipo de ítem Koha Libro
Existencias
Estado de retiro Estado de pérdida Fuente del sistema de clasificación o colocación Restricciones de uso No para préstamo Código de colección Localización permanente Ubicación/localización actual Ubicación en estantería Fecha de adquisición Fuente de adquisición Total de préstamos Signatura topográfica completa Código de barras Fecha visto por última vez Precio válido a partir de Tipo de ítem Koha Número de copia Nota pública
    Dewey Decimal Classification Préstamo en sala   Dominicana de Servicio Biblioteca Nacional Pedro Henríquez Ureña Dominicana Depósito 28.02.2019 Depósito legal / Estela Pérez   P438e 2021-27496 20.10.2021 20.10.2021 Libro y Folleto Colección Dominicana de Servicio e.3  
    Dewey Decimal Classification Excluido de préstamo   Patrimonio Dominicano Biblioteca Nacional Pedro Henríquez Ureña Patrimonio Dominicano Depósito 28.02.2019 Depósito legal / Estela Pérez   P438e 2021-27494 20.10.2021 20.10.2021 Libro y Folleto Colección Patrimonio Dominicano    
    Dewey Decimal Classification Excluido de préstamo   Patrimonio Dominicano Biblioteca Nacional Pedro Henríquez Ureña Patrimonio Dominicano Depósito 28.02.2019 Depósito legal / Estela Pérez   P438e 2021-27495 20.10.2021 20.10.2021 Libro y Folleto Colección Patrimonio Dominicano e.2 Ejemplar autografiado

Con tecnología Koha